Statistics for Top 13 Countries at the Olympic Games (Alpine Skiing)

Click here to take the quiz!

General Stats

  • This quiz has been taken 150 times
  • The average score is 11 of 13

Answer Stats

HintAthleticsGold Medals% Correct
3United States16
98%
1Austria34
96%
10Canada4
96%
4France15
96%
2Switzerland20
96%
6Germany12
95%
7Norway10
95%
5Italy13
94%
8Sweden5
93%
12Slovenia2
81%
9Croatia4
69%
13Spain1
66%
11Liechtenstein2
61%

Score Distribution

Percentile by Number Answered

Percent of People with Each Score

Your Score History

You have not taken this quiz